000 00342nam a2200133 i 4500
001 bg
100 1 _aSKWIROWSKA, S.
245 0 _aŻycie szkoły wyższej :
_bbibliografia zawartości 1953-1967 /
_cS. Skwirowska.
260 _aWarszawa,
_c1969.
040 _cBPK
041 _apol
942 _cKS
008 s pl f |000 0 pol
999 _c10469
_d10469
856 _uhttp://koha.tu.koszalin.pl/cgi-bin/koha/opac-detail.pl?biblionumber=10469
_yKatalog online BPK